[Event "Pecs Karmin Cup 3rd"]
[Site "Pecs"]
[Date "2010.06.19"]
[Round "3"]
[White "Drinoczi, Peter"]
[Black "Konig, Balazs"]
[Result "0-1"]
[WhiteElo "2090"]
[BlackElo "2137"]
[PlyCount "56"]
[EventDate "2010.06.18"]
[EventType "swiss"]
[EventRounds "9"]
[EventCountry "HUN"]
[SourceTitle "CBM 137 Extra"]
[Source "ChessBase"]
[SourceDate "2010.09.01"]
[SourceVersion "1"]
[SourceVersionDate "2010.09.01"]
[SourceQuality "1"]

1. e4 e6 2. d4 d5 3. e5 c5 4. c3 Qb6 5. Nf3 Bd7 6. a3 Bb5 7. c4 dxc4 8. Nc3 cxd4 9. Nxd4 Bc6 10. Bxc4 Qc5 11. Qd3 Nd7 12. b4 Qxe5+ 13. Be3 Ngf6 14. Nxc6 bxc6 15. f4 Qc7 16. 0-0 Be7 17. Rae1 0-0 18. Ba2 a5 19. f5 axb4 20. fxe6 Rxa3 21. exf7+ Kh8 22. Bd4 Nc5 23. Qe3 Nce4 24. Rxf6 Bxf6 25. Qxe4 Bxd4+ 26. Qxd4 bxc3 27. Qb4 Raa8 28. Re7 c2 0-1

[Event "HUN-chT2 Charousek 0910"]
[Site "Hungary"]
[Date "2010.04.10"]
[Round "6"]
[White "Konig, Balazs"]
[Black "Vass, Daniel"]
[Result "1-0"]
[WhiteElo "2137"]
[BlackElo "2019"]
[PlyCount "91"]
[EventDate "2009.11.08"]
[EventType "team-tourn"]
[EventRounds "11"]
[EventCountry "HUN"]
[SourceTitle "EXT 2011"]
[Source "ChessBase"]
[SourceDate "2010.11.26"]
[SourceVersion "1"]
[SourceVersionDate "2010.11.26"]
[SourceQuality "1"]
[WhiteTeam "Pannonpower"]
[BlackTeam "Csuti II"]
[WhiteTeamCountry "HUN"]
[BlackTeamCountry "HUN"]

1. d4 d5 2. c4 e6 3. Nc3 Nf6 4. Bg5 Nbd7 5. e3 c6 6. Nf3 Qa5 7. Bxf6 Nxf6 8. Bd3 Bb4 9. Qb3 dxc4 10. Bxc4 Nd5 11. Rc1 0-0 12. 0-0 Nxc3 13. bxc3 Bd6 14. Rcd1 Qh5 15. e4 e5 16. dxe5 Bxe5 17. Bxf7+ Qxf7 18. Qxf7+ Kxf7 19. Nxe5+ Kf6 20. f4 Be6 21. Nd7+ Bxd7 22. Rxd7 Rf7 23. Rfd1 Re7 24. R1d6+ Kf7 25. Kf2 a5 26. e5 Ke8 27. Rxe7+ Kxe7 28. g4 Ra6 29. Ke3 Rb6 30. Rd2 Rb1 31. f5 Rg1 32. Kf4 h6 33. e6 b5 34. Rd7+ Kf8 35. Rf7+ Kg8 36. Rc7 Re1 37. Rc8+ Kh7 38. Rxc6 g5+ 39. Kf3 Re5 40. Rc7+ Kg8 41. Rd7 h5 42. h3 h4 43. Rd3 Kf8 44. Re3 Rc5 45. f6 Rc6 46. e7+ 1-0